000 00552nam a22001697a 4500
005 20251108164727.0
008 250721s1986 xx 000 0 ara d
082 1 4 _a614.87/حيا
100 1 _aروفائيل، حياة عياد
245 1 0 _aإصابات الملاعب :
_bوقاية - إسعاف - علاج طبيعي /
264 1 _aالإسكندريه :
_bمنشأة المعارف،
_c1986.
300 _a229ص
650 1 7 _aالإسعاف الأولي
650 1 7 _aالإصابات الرياضية
942 _2ddc
_cBK
999 _c12860
_d12860